Revista de estudios políticos /

Збережено в:
Бібліографічні деталі
Інші автори: García Valdecasas, Alfonso (dirección) (dirección)
Формат: Книга
Мова:Іспанська
Предмети:
Теги: Додати тег
Немає тегів, Будьте першим, хто поставить тег для цього запису!

MARC

LEADER 00000nam^a2200000^a^4500
001 000136347
005 20250521000000.0
009 20260310095315.709
037 |a Acervo ITESO - Biblioteca 
041 |a ESP 
082 |a 320. 05  |b REV EST 1941 V. 1 
240 1 1 |a [Revista de estudios políticos] 
245 0 0 |a Revista de estudios políticos /  |c Dir. de A. García Valdecasas. 
264 |a Madrid, España :  |b Instituto de Estudios Políticos,  |c 1941 
300 |a 180 p. 
336 |a texto  |b txt  |2 rdacontenido 
337 |a sin mediación  |b n  |2 rdamedio 
338 |a volumen  |b nc  |2 rdasoporte 
649 |a XX 
650 |a Política -  |x Publicaciones Periódicas Españolas 
650 |a Política Exterior 
650 |a Política Militar -  |z España 
650 |a Política Económica 
650 |a Derecho Internacional 
650 |a España -  |x Condiciones Políticas 
700 |a García Valdecasas, Alfonso  |e (dirección) 
910 |a Fondo Salvador Reynoso Reynoso 
920 |a Impresos - Libros 
930 |a Fondos Especiales 
905 |a 112 
901 |a 0800013819  |b IT2  |c ESP  |u 20250521 
902 |a https://opac.biblio.iteso.mx/vufind/Record/000136347